书目信息 |
| 题名: |
实用电气线路
|
|
| 作者: | 王如桂 , 张桂英 编 | |
| 分册: | ||
| 出版信息: | 北京 新时代出版社 1985 |
|
| 页数: | 231页 | |
| 开本: | 19cm | |
| 丛书名: | ||
| 单 册: | ||
| 中图分类: | TM05 , TM1 | |
| 科图分类: | ||
| 主题词: | 电工--理论 | |
| 电子资源: | ||
| ISBN: | ||
| 000 | 00724nam0 2200277 45 | |
| 001 | 0185020169 | |
| 005 | 20040525081903.6 | |
| 010 | @dCNY1.55 | |
| 091 | @a15241.60 | |
| 100 | @a19900923d1985 em y0chiy0121 ea | |
| 101 | 0 | @achi |
| 102 | @aCN@b110000 | |
| 105 | @af z 000yy | |
| 106 | @ar | |
| 200 | 10 | @a实用电气线路@Ashi yong dian qi xian lu@f王如桂, 张桂英编 |
| 210 | @a北京@c新时代出版社@d1985 | |
| 215 | @a231页@d19cm | |
| 517 | 1 | @a电气线路@Adian qi xian lu |
| 606 | 0 | @a电工@x理论 |
| 690 | @aTM05@v3 | |
| 690 | @aTM1 | |
| 701 | 0 | @a王如桂@Awang ru gui@4编 |
| 701 | 0 | @a张桂英@Azhang gui ying@4编 |
| 801 | 0 | @aCN@b深圳图书馆@c20040525 |
| 801 | 2 | @aCN@bNLC@c20040525 |
| 905 | @f1@b148488@dTM1@e117 | |
| 实用电气线路/王如桂, 张桂英编.-北京:新时代出版社,1985 |
| 231页;19cm |
| ISBN :CNY1.55 |
| ● |
| 相关链接 |
|
|
|
|
正题名:实用电气线路
索取号:TM1/117
 
预约/预借
| 序号 | 登录号 | 条形码 | 馆藏地/架位号 | 状态 | 备注 |
| 1 | 0148488 | 000801109 | 第三借阅区/ [索取号:TM1/117] | 在馆 | |
| 2 | 0148489 | 202450267 | 第二样本阅览室/ [索取号:TM1/117] | 在馆 |